000 00645nam a2200229 a 4500
001 000024818
003 DO-SdBNP
005 20210824095741.0
008 110204s1990 sp r 000 0 spa d
040 _aDO-SdBNP
_bspa
_cBNPHU
049 _aBNGR
082 _aNNN
_bF487p, 1990
100 1 _aFillmore, Charles,
_d1854-1948.
_950928
240 1 0 _aProsperity
_lEspañol.
245 1 0 _aProsperidad /
_cCharles Fillmore ; revisión Luis Molinary.
250 _a3a ed.
260 _a[S. l.] :
_b[s n],
_c1990.
300 _a178 p. ;
_c19 cm.
534 _aTítulo original:
_tProsperity
700 1 _aMolinary, Luis
_950929
942 _2ddc
_cLBS1
999 _c24311
_d24311